[Event "Foment Martinenc op-C 20th"]
[Site "Barcelona"]
[Date "2018.05.05"]
[Round "3"]
[White "Moya Paredes, Sergi"]
[Black "Costas Escote, Mireia"]
[Result "0-1"]
[WhiteElo "1310"]
[BlackElo "1702"]
[PlyCount "42"]
[EventDate "2018.04.21"]
[EventType "swiss"]
[EventRounds "9"]
[EventCountry "ESP"]
[SourceTitle "CBM 184 Extra"]
[Source "ChessBase"]
[SourceDate "2018.06.28"]
[SourceVersion "1"]
[SourceVersionDate "2018.06.28"]
[SourceQuality "1"]

1. d4 d5 2. Nf3 Nc6 3. Nc3 Nf6 4. Bg5 Bg4 5. e3 h6 6. Bf4 e6 7. Bb5 Bd6 8. 0-0 Bxf4 9. exf4 Qd6 10. h3 Bh5 11. Ne2 Bxf3 12. gxf3 0-0-0 13. Ng3 Qxf4 14. Qd3 Nxd4 15. Ba4 Nxf3+ 16. Kg2 Ng5 17. Qc3 Nfe4 18. Qa5 Kb8 19. h4 Qxh4 20. Qb4 Qh3+ 21. Kg1 Nf3# 0-1